Τοπική ανάπτυξη : μια στρατηγική για τη δημιουργία απασχόλησης

Αποθηκεύτηκε σε:
Λεπτομέρειες βιβλιογραφικής εγγραφής
Κύριος συγγραφέας: Vasquez Barquero, Antonio
Άλλοι συγγραφείς: Χωραφά, Βικτωρία (Μεταφραστής)
Μορφή: Βιβλίο
Γλώσσα:Greek
Δημοσίευση: Αθήνα : Παπαζήσης, 1991.
Σειρά:Βιβλιοθήκη Ινστιτούτου Περιφερειακής Ανάπτυξης
Θέματα:
Ετικέτες: Προσθήκη ετικέτας
Δεν υπάρχουν, Καταχωρήστε ετικέτα πρώτοι!

MARC

LEADER 00000cam a2200000 i 4500
001 1/4398
008 960507s1991 gre d
020 |a 960-02-0877-8 
035 |l 10015596 
040 |a GR-MY-UA  |b gre  |e aacr 
041 0 |a gre 
082 0 |a 338.946 
100 1 |a Vasquez Barquero, Antonio. 
245 1 0 |a Τοπική ανάπτυξη :   |b μια στρατηγική για τη δημιουργία απασχόλησης /   |c Antonio Vasquez Barquero ; Μετάφραση Βικτώρια Χωραφά.  
260 |a Αθήνα :   |b Παπαζήσης,   |c 1991.  
300 |a 210 σ.:  
490 1 |a Βιβλιοθήκη Ινστιτούτου Περιφερειακής Ανάπτυξης 
504 |a Περιέχει βιβλιογραφία 
650 0 0 |a Regional planning  |z Spain. 
650 0 0 |a Rural development  |z Spain. 
650 0 0 |a Industrialization  |z Spain. 
700 0 |a Χωραφά, Βικτωρία.  |4 trl 
830 0 |a Βιβλιοθήκη Ινστιτούτου Περιφερειακής Ανάπτυξης 
852 |a INST  |b CHIOS  |e 20040519  |h 338.946 VAS  |p 005200023209  |q 005200023209  |r 1  |t BK  |y 4  |x 20220209 
852 |a INST  |b LESVOS  |e 19960507  |h 338.946 VAS  |p 005100009043  |q 005100009043  |t BK  |y 0 
901 |a BIBL2-2003-3 
909 |a Λ  |b 043192 
909 |a Χ  |b 108887 
922 |a 1ΕΛΗ  |b 199512  |c ΣΠΙΛΑΝΗΣ 
950 |a 155/1995-10-24